| 000 | 00605 a2200241 4500 | ||
|---|---|---|---|
| 003 | Nust | ||
| 005 | 20170207154049.0 | ||
| 010 | _a 2002151683 | ||
| 020 | _a0-8389-0847-0 | ||
| 035 | _a(DLC) 2002151683 | ||
| 040 | _cNust | ||
| 082 | 0 | 0 | _a025.3 |
| 100 | 1 | _aCaplan, Priscilla | |
| 245 | 1 | 0 |
_aMetadata fundamentals for all librarians(E-BOOK) _cPriscilla Caplan |
| 260 |
_aChicago : _bALA, _c2003 |
||
| 300 |
_aix, 192 s. : _bill. ; _c28 cm |
||
| 650 | 7 | _aCataloging | |
| 650 | 7 | _aInformation organization. | |
| 650 | 7 | _aKatalogisering | |
| 650 | 7 | _aMetadata | |
| 650 | 7 | _aMetadata | |
| 651 | _aE-BOOK | ||
| 942 |
_2ddc _cBK |
||
| 999 |
_c193057 _d193057 |
||